Verificación de fitoplasma en material vegetativo e insectos portadores en Jocote de Corona (spondias purpurea) (Registro nro. 33645)

Detalles MARC
000 -CABECERA
Longitud fija campo de control 00639nam a22001697a 4500
003 - IDENTIFICADOR DELl NÚMERO DE CONTROL
Identificador del número de control OSt
005 - FECHA Y HORA DE LA ÚLTIMA TRANSACCIÓN
Fecha y hora de la última transacción 20230214221544.0
008 - CÓDIGOS DE INFORMACIÓN DE LONGITUD FIJA
Códigos de información de longitud fija 230116b ||||| |||| 00| 0 eng d
040 ## - FUENTE DE LA CATALOGACIÓN
Centro catalogador de origen BMC
Centro transcriptor BMC
082 ## - NÚMERO DE LA CLASIFICACIÓN DECIMAL DEWEY
Númeroo de clasificación 635.952
245 00 - MENCIÓN DE TÍTULO
Título Verificación de fitoplasma en material vegetativo e insectos portadores en Jocote de Corona (spondias purpurea)
Mención de responsabilidad, etc. Adamid Beltrán Cañas...[et al.]
260 ## - PUBLICACIÓN, DISTRIBUCIÓN, ETC. (PIE DE IMPRENTA)
Lugar de publicación, distribución, etc. San Salvador, El Salvador
Nombre del editor, distribuidor, etc. MAG-CENTA
Fecha de publicación, distribución, etc. [2009?]
300 ## - DESCRIPCIÓN FÍSICA
Extensión 40 p.
Otras características físicas il. col.
Dimensiones 27 cm
505 ## - NOTA DE CONTENIDO CON FORMATO
Nota de contenido con formato Contiene: Materiales y métodos.- Insectos portadores de fitoplasma.-
650 24 - PUNTO DE ACCESO ADICIONAL DE MATERIA - TÉRMINO DE MATERIA
9 (RLIN) 25183
Término de materia o nombre geográfico como elemento inicial Cultivos tropicales
942 ## - ENTRADA DE ELEMENTOS AGREGADOS (KOHA)
Fuente de clasificaión o esquema Dewey Decimal Classification
Koha [por defecto] tipo de item 2- Prensa y Revistas
Parte de clasificación prozim
Existencias
Suprimido Perdido Fuente de clasificación o esquema Estropeado Restricciones de uso No para préstamo Código de colección Localización permanente Localización actual Localización en estanter&íacute;as Fecha adquisición Fuente de adquisición Número de inventario Préstamos totales Signatura completa Código de barras Fecha última consulta Fecha del precio de reemplazo Tipo de item de Koha
NULL NULL Dewey Decimal Classification NULL Prestable NULL NULL Biblioteca Miguel de Cervantes - UNICAES Biblioteca Miguel de Cervantes - UNICAES Sala Principal 22/08/2022 Donación - Vicerrectoria 001114   RVAR- 001114 1052806 17/01/2025 17/01/2025 2- Prensa y Revistas